A Step by Step Approach to Self Improvement/ (Record no. 211917)

MARC details
000 -LEADER
fixed length control field 00575nam a2200193 4500
005 - DATE AND TIME OF LATEST TRANSACTION
control field 20250624121843.0
010 ## - LCCN (DPL NO)
LC control number ENG-145398
020 ## - INTERNATIONAL STANDARD BOOK NUMBER
International Standard Book Number 9789361636066
Terms of availability 370.00
035 ## - SYSTEM CONTROL NUMBER
System control number EN-128930
037 ## - SOURCE OF ACQUISITION
Source of stock number/acquisition DBAD
082 ## - DEWEY DECIMAL CLASSIFICATION NUMBER
Classification number 158.4
Edition number 1
100 ## - MAIN ENTRY--PERSONAL NAME
Personal name V. Suganya
245 ## - TITLE STATEMENT
Title A Step by Step Approach to Self Improvement/
Statement of responsibility, etc V. Suganya
250 ## - EDITION STATEMENT
Edition statement 1
260 ## - PUBLICATION, DISTRIBUTION, ETC. (IMPRINT)
Place of publication, distribution, etc Madurai
Name of publisher, distributor, etc Shanlax Publications
Date of publication, distribution, etc 2024
270 ## - ADDRESS
Address 61,66 Vasantha Nagar
City Madurai
Postal code 625003
Electronic mail address shanlaxpublications@gmail.com
300 ## - PHYSICAL DESCRIPTION
Extent 252p.
Dimensions 22cm(Pb)
942 ## - ADDED ENTRY ELEMENTS (KOHA)
Source of classification or shelving scheme Dewey Decimal Classification
Item type English Books
Classification part 158.4
Call number suffix SUG
Holdings
Withdrawn status Lost status Not for loan Collection code Home library Current library Date acquired Source of acquisition Cost, normal purchase price Full call number Barcode Copy number Cost, replacement price Koha item type
      Non-fiction Sarojini Nagar Sarojini Nagar 24/06/2025 Delivery of Books Act Division 370.00 158.4 SUG EN-128930 1 370.00 English Books

© Delhi Public Library
Hit Counter
free hit counter